000 00535nam a2200205Ia 4500
005 20250923144251.0
008 008 250917s9999 xx 000 0 eng d
037 _aTextual
040 _aDSWL
_beng
_cDSWL
041 _aeng
_2eng
084 _aX:926, H6
_qDSWL
100 _aReed, Anna Y
_9823037
245 0 _aOccupational planning
_cby Anna Y Reed
260 _aNew York
_b CUP
_c1946
300 _a350 p.
365 _b18
925 _g18
942 _cTEXL
_hX:926, H6
999 _c1436803
_d1436803